| 000 | 01158nac a22002771u 4500 | ||
|---|---|---|---|
| 008 | 100905t xxu||||| |||| 00| 0 eng d | ||
| 010 | _a 87021655 | ||
| 020 | _a047183663X | ||
| 082 | 0 | 0 |
_a624 _bBAR |
| 100 |
_aBarry, B. Austin _917860 |
||
| 245 | 1 | 0 |
_aConstruction Measurements / _cB. Austin Barry. |
| 250 | _a2nd ed. | ||
| 260 |
_aNew York : _bWiley,1988 _c1988. |
||
| 300 |
_axii, 346 p. : _bill. ; _c24 cm. |
||
| 490 |
_917859 _aWiley Series of Practical Construction Guides |
||
| 500 | _a"A Wiley-Interscience publication." | ||
| 500 | _aIncludes index. | ||
| 650 | 0 |
_aSurveying. _917861 |
|
| 650 | 0 |
_aMeasurement. _917862 |
|
| 650 | 0 |
_aCivil engineering. _917863 |
|
| 856 | 4 | 2 |
_3Contributor biographical information _uhttp://www.loc.gov/catdir/bios/wiley041/87021655.html |
| 856 | 4 | 2 |
_3Publisher description _uhttp://www.loc.gov/catdir/description/wiley033/87021655.html |
| 856 | 4 | 2 |
_3Table of Contents _uhttp://www.loc.gov/catdir/toc/onix04/87021655.html |
| 942 |
_cBB _k624BAR _2ddc |
||
| 999 |
_c3996 _d3996 |
||